书目信息 |
| 题名: |
从历史深处走来
|
|
| 作者: | 陈先达 , 臧峰宇 著 | |
| 分册: | ||
| 出版信息: | 石家庄 河北人民出版社 2022.01 |
|
| 页数: | 204页 | |
| 开本: | 23cm | |
| 丛书名: | ||
| 单 册: | ||
| 中图分类: | B0-0 | |
| 科图分类: | ||
| 主题词: | 马克思主义哲学--ma ke si zhu yi zhe xue--研究 | |
| 电子资源: | ||
| ISBN: | 978-7-202-05745-2 | |
| 000 | 01358nam0 2200277 450 | |
| 001 | 27863 | |
| 005 | 20221008105626.00 | |
| 010 | @a978-7-202-05745-2@dCNY52.00 | |
| 100 | @a20220406d2022 em y0chiy50 ea | |
| 101 | 0 | @achi |
| 102 | @aCN@b130000 | |
| 105 | @ay a 000yy | |
| 200 | 1 | @a从历史深处走来@Acong li shi shen chu zou lai@e马克思主义哲学谈话录@f陈先达, 臧峰宇著 |
| 210 | @a石家庄@c河北人民出版社@d2022.01 | |
| 215 | @a204页@d23cm | |
| 300 | @a河北省优秀出版物 | |
| 314 | @a陈先达, 著名马克思主义哲学家, 中国人民大学荣誉一级教授、博士生导师。臧峰宇, 中国人民大学哲学院院长、教授、博士生导师。 | |
| 320 | @a有书目 (第197-199页) | |
| 330 | @a本书是我国著名马克思主义哲学家陈先达先生与青年学者臧峰宇教授围绕当代中国马克思主义哲学的关键问题所作6篇学术对话的结集。两代学人围绕马克思主义哲学时代化与历史深处的哲学心语、马克思主义哲学的核心要义与实践逻辑、走出夹缝中的哲学与马克思主义哲学的问题意识、中国马克思主义哲学的精神气质与生活世界、文化自信与当代中国文化发展的哲学沉思、新时代的哲学精神与21世纪中国马克思主义哲学构建展开深入对话。 | |
| 517 | 1 | @a马克思主义哲学谈话录@Ama ke si zhu yi zhe xue tan hua lu |
| 606 | 0 | @a马克思主义哲学@Ama ke si zhu yi zhe xue@x研究 |
| 690 | @aB0-0@v5 | |
| 701 | 0 | @a陈先达@Achen xian da@4著 |
| 701 | 0 | @a臧峰宇@Azang feng yu@4著 |
| 801 | 0 | @aCN@c20220910 |
| 905 | @a河南城建学院图书馆@dB0-0@eC590@f2 | |
| 从历史深处走来:马克思主义哲学谈话录/陈先达, 臧峰宇著.-石家庄:河北人民出版社,2022.01 |
| 204页;23cm |
| 河北省优秀出版物 |
| ISBN 978-7-202-05745-2:CNY52.00 |
| 本书是我国著名马克思主义哲学家陈先达先生与青年学者臧峰宇教授围绕当代中国马克思主义哲学的关键问题所作6篇学术对话的结集。两代学人围绕马克思主义哲学时代化与历史深处的哲学心语、马克思主义哲学的核心要义与实践逻辑、走出夹缝中的哲学与马克思主义哲学的问题意识、中国马克思主义哲学的精神气质与生活世界、文化自信与当代中国文化发展的哲学沉思、新时代的哲学精神与21世纪中国马克思主义哲学构建展开深入对话。 |
| ● |
| 相关链接 |
|
|
|
正题名:从历史深处走来
索取号:B0-0/C590
 
预约/预借
| 序号 | 登录号 | 条形码 | 馆藏地/架位号 | 状态 | 备注 |
| 1 | 1580313 | 215803138 | 社科库509/509社科库 6排4列4层/ [索取号:B0-0/C590] | 在馆 | |
| 2 | 1580314 | 215803147 | 社科库509/509社科库 6排4列4层/ [索取号:B0-0/C590] | 在馆 |